Hóa học chất kích thích và bảo vệ thực vật

Trình bày sơ lược về chất điều hoà sinh trưởng thực vật; phương pháp li trích và định lượng chất điều hoà sinh trưởng thực vật cùng những ứng dụng. Các khái niệm về hoá chất bảo vệ thực vật, các nhóm thuốc trừ sâu hại, phối che...

Full beskrivning

Sparad:
Bibliografiska uppgifter
Huvudupphovsman: Phạm, Phước Nhẫn
Materialtyp: Bok
Språk:Undetermined
Publicerad: Hà Nội Giáo dục Việt Nam 2015
Ämnen:
Taggar: Lägg till en tagg
Inga taggar, Lägg till första taggen!
Thư viện lưu trữ: Trung tâm Học liệu Trường Đại học Cần Thơ
LEADER 01184nam a2200229Ia 4500
001 CTU_208686
008 210402s9999 xx 000 0 und d
020 |c 30000 
082 |a 632.9 
082 |b Nh121 
100 |a Phạm, Phước Nhẫn 
245 0 |a Hóa học chất kích thích và bảo vệ thực vật 
245 0 |c Phạm Phước Nhẫn, Lê Văn Hòa 
260 |a Hà Nội 
260 |b Giáo dục Việt Nam 
260 |c 2015 
520 |a Trình bày sơ lược về chất điều hoà sinh trưởng thực vật; phương pháp li trích và định lượng chất điều hoà sinh trưởng thực vật cùng những ứng dụng. Các khái niệm về hoá chất bảo vệ thực vật, các nhóm thuốc trừ sâu hại, phối chế nông dược, bao bì và đóng gói sản phẩm 
526 |a Chất điều hòa sinh trưởng thực vật 
526 |b NN721 
650 |a Plants, protection of,Bảo vệ thực vật 
904 |i Hải 
980 |a Trung tâm Học liệu Trường Đại học Cần Thơ